[Event "CAN-ch"]
[Site "Montreal CAN"]
[Date "2012.08.08"]
[Round "6"]
[White "Derraugh, Geordie"]
[Black "Humphreys, Michael"]
[Result "0-1"]
[WhiteElo "2097"]
[BlackElo "2179"]
[PlyCount "128"]
[GameId "2160767909441715"]
[EventDate "2012.08.04"]
[EventType "swiss"]
[EventRounds "9"]
[EventCountry "CAN"]
[SourceTitle "CBM 149 Extra"]
[Source "ChessBase"]
[SourceDate "2012.08.24"]
[SourceVersion "1"]
[SourceVersionDate "2012.08.24"]
[SourceQuality "1"]

1. e4 c6 2. d4 d5 3. exd5 cxd5 4. c4 Nf6 5. Nc3 Nc6 6. Bg5 e6 7. Nf3 Be7 8. Be2 O-O 9. O-O dxc4 10. Bxc4 b6 11. a3 Bb7 12. Rc1 Rc8 13. Qd3 Nd5 14. Bd2 Nxc3 15. Bxc3 Bf6 16. Rfd1 Ne7 17. Ba2 Nd5 18. Bd2 Qd6 19. Bb1 g6 20. Qe4 Bc6 21. Qg4 h5 22. Qg3 Qxg3 23. hxg3 Ba4 24. Re1 Ne7 25. Ba2 Rfd8 26. Bg5 Rxc1 27. Rxc1 Bxg5 28. Nxg5 Bc6 29. Nf3 Bxf3 30. gxf3 Rd7 31. Rd1 Kg7 32. Kg2 Rc7 33. Rd2 Kf6 34. f4 Nd5 35. Kf3 Ne7 36. Ke4 Rc1 37. d5 Re1+ 38. Kd4 Nf5+ 39. Kc3 Rc1+ 40. Kb4 exd5 41. Bxd5 h4 42. gxh4 Nxh4 43. Kb5 Rc7 44. Re2 Rc5+ 45. Ka6 Ra5+ 46. Kb7 Rxd5 47. Kxa7 b5 48. Re5 Rxe5 49. fxe5+ Kxe5 50. Kb6 Kd6 51. Kxb5 Kc7 52. Kc5 Nf3 53. Kd5 Ne1 54. b4 Nd3 55. f3 Kb6 56. Ke4 Ne1 57. a4 Kc6 58. f4 f5+ 59. Ke3 Nc2+ 60. Kd3 Nxb4+ 61. Kd4 Kb6 62. Ke3 Ka5 63. Kd4 Kxa4 64. Kc4 Ka3 0-1

[Event "CAN-ch"]
[Site "Montreal CAN"]
[Date "2012.08.08"]
[Round "6"]
[White "Gusev, Nikita"]
[Black "Qin, Zi Yi (Joey)"]
[Result "0-1"]
[WhiteElo "2117"]
[BlackElo "2198"]
[PlyCount "76"]
[GameId "2160767909441716"]
[EventDate "2012.08.04"]
[EventType "swiss"]
[EventRounds "9"]
[EventCountry "CAN"]

1. e4 c5 2. Nf3 d6 3. d4 cxd4 4. Nxd4 Nf6 5. Nc3 a6 6. g3 e5 7. Nde2 b5 8. Bg2 Bb7 9. O-O Be7 10. h3 h5 11. Bg5 Nbd7 12. a3 Rc8 13. Qd2 O-O 14. Rfd1 Rc4 15. b3 Rc7 16. Kh1 Qa8 17. Bxf6 Nxf6 18. Nd5 Nxd5 19. exd5 f5 20. c3 h4 21. a4 Qc8 22. Kh2 Qe8 23. axb5 axb5 24. Qe3 Qg6 25. Qb6 Bd8 26. Qxb5 Bc8 27. Qd3 Qh6 28. Ra4 Rcf7 29. Qd2 hxg3+ 30. fxg3 Bg5 31. Qd3 f4 32. gxf4 exf4 33. Qf3 Re7 34. Rd2 Re3 35. Qf2 f3 36. Ng1 fxg2 37. Qxg2 Bf4+ 38. Kh1 Bxh3 0-1

[Event "CAN-ch"]
[Site "Montreal CAN"]
[Date "2012.08.08"]
[Round "6"]
[White "Hebert, Jean"]
[Black "Sambuev, Bator"]
[Result "0-1"]
[WhiteElo "2410"]
[BlackElo "2523"]
[PlyCount "116"]
[GameId "2160767909441717"]
[EventDate "2012.08.04"]
[EventType "swiss"]
[EventRounds "9"]
[EventCountry "CAN"]
[SourceTitle "CBM 149 Extra"]
[Source "ChessBase"]
[SourceDate "2012.08.24"]
[SourceVersion "1"]
[SourceVersionDate "2012.08.24"]
[SourceQuality "1"]

1. d4 d5 2. Nf3 e6 3. c4 c6 4. e3 f5 5. Bd3 Nf6 6. O-O Bd6 7. b3 Qe7 8. Bb2 O-O 9. Nc3 a6 10. Rc1 b5 11. Ne2 Bb7 12. c5 Bc7 13. b4 Nbd7 14. h3 Ne4 15. Ne5 a5 16. f3 Ng5 17. a3 Nxe5 18. dxe5 Bc8 19. f4 Ne4 20. Nd4 Bd7 21. Bxe4 fxe4 22. Qg4 Qf7 23. Qe2 Qg6 24. Bc3 Qh6 25. Rf2 Bd8 26. Kh2 Qg6 27. g4 Qh6 28. Rcf1 axb4 29. Bxb4 g6 30. g5 Qg7 31. Kg2 h5 32. Qe1 Be7 33. h4 Ra4 34. Qc3 Rfa8 35. Rb1 Qf8 36. Rfb2 Qb8 37. Rb3 Kf7 38. Qc2 R8a6 39. Rd1 Qa7 40. Ne2 Rxa3 41. Bxa3 Rxa3 42. Nd4 Bxc5 43. Rxa3 Qxa3 44. Ra1 Qb4 45. Rb1 Qc4 46. Qxc4 dxc4 47. Rc1 Be7 48. Kf2 c5 49. Ne2 Bc6 50. f5 exf5 51. Nf4 Bd7 52. Ra1 c3 53. Ra7 c2 54. Rxd7 c1=Q 55. e6+ Ke8 56. Nxg6 Qb2+ 57. Kf1 Qa1+ 58. Kg2 Qa2+ 0-1

[Event "CAN-ch"]
[Site "Montreal CAN"]
[Date "2012.08.08"]
[Round "6"]
[White "Kovalyov, Anton"]
[Black "Jiang, Louie"]
[Result "1-0"]
[WhiteElo "2605"]
[BlackElo "2337"]
[PlyCount "103"]
[GameId "2160767909441718"]
[EventDate "2012.08.04"]
[EventType "swiss"]
[EventRounds "9"]
[EventCountry "CAN"]
[SourceTitle "CBM 149 Extra"]
[Source "ChessBase"]
[SourceDate "2012.08.24"]
[SourceVersion "1"]
[SourceVersionDate "2012.08.24"]
[SourceQuality "1"]

1. c4 Nf6 2. Nc3 e6 3. Nf3 d5 4. d4 Nbd7 5. cxd5 exd5 6. Bg5 c6 7. Qc2 Be7 8. e3 O-O 9. Bd3 Re8 10. h3 Nf8 11. Bf4 Ng6 12. Bh2 Bd6 13. Bxd6 Qxd6 14. O-O-O Be6 15. Kb1 b5 16. Rc1 a6 17. Ne2 Ne4 18. Nc3 f5 19. h4 Nf8 20. Ng5 Bd7 21. Nd1 Qg6 22. f4 Qd6 23. Nf3 h5 24. Ne5 Rec8 25. Nc3 Be8 26. Nxe4 dxe4 27. Be2 Ne6 28. d5 Nd8 29. dxc6 Nxc6 30. Qb3+ Kh7 31. Nf7 Qf6 32. Ng5+ Kh8 33. Rhd1 g6 34. Rc5 Rd8 35. Rdc1 Rd2 36. R5c2 Rad8 37. Qe6 Qxe6 38. Nxe6 R8d6 39. Nc7 Bf7 40. Nxa6 b4 41. b3 Kg7 42. Rxd2 Rxd2 43. Rc2 Rd6 44. Kc1 Kf6 45. Rd2 Ke7 46. Rxd6 Kxd6 47. Bb5 Ne7 48. Kd2 Be6 49. Nxb4 Bxb3 50. axb3 Kc5 51. Nc6 Nxc6 52. Bxc6 1-0

[Event "CAN-ch"]
[Site "Montreal CAN"]
[Date "2012.08.08"]
[Round "6"]
[White "Larochelle, Martial"]
[Black "Masse, Hugues"]
[Result "1/2-1/2"]
[WhiteElo "2153"]
[BlackElo "2232"]
[PlyCount "52"]
[GameId "2160767909441719"]
[EventDate "2012.08.04"]
[EventType "swiss"]
[EventRounds "9"]
[EventCountry "CAN"]
[SourceTitle "CBM 149 Extra"]
[Source "ChessBase"]
[SourceDate "2012.08.24"]
[SourceVersion "1"]
[SourceVersionDate "2012.08.24"]
[SourceQuality "1"]

1. c4 c5 2. Nf3 Nc6 3. Nc3 e5 4. g3 g6 5. Bg2 Bg7 6. O-O Nge7 7. a3 O-O 8. Rb1 a5 9. Ne1 d6 10. Nc2 Be6 11. Ne3 Rb8 12. d3 Na7 13. b4 cxb4 14. axb4 b5 15. Nxb5 Nxb5 16. cxb5 Rxb5 17. Bd2 axb4 18. Rxb4 Qb8 19. Qa4 Rxb4 20. Qxb4 Re8 21. Rb1 Qxb4 22. Rxb4 d5 23. Rb7 d4 24. Bb4 dxe3 25. Bxe7 exf2+ 26. Kxf2 Bf8 1/2-1/2

[Event "CAN-ch"]
[Site "Montreal CAN"]
[Date "2012.08.08"]
[Round "6"]
[White "Leutschaft, Martin"]
[Black "Zhu, Hong Rui"]
[Result "1/2-1/2"]
[WhiteElo "2143"]
[BlackElo "2029"]
[PlyCount "82"]
[GameId "2160767909441720"]
[EventDate "2012.08.04"]
[EventType "swiss"]
[EventRounds "9"]
[EventCountry "CAN"]

1. c3 e5 2. Qc2 Nf6 3. d3 c5 4. Nf3 Nc6 5. e4 d5 6. Be2 h6 7. Nbd2 Be7 8. O-O O-O 9. a3 a5 10. a4 b6 11. Re1 Qc7 12. Nf1 Be6 13. Ng3 Rfe8 14. Bf1 Rad8 15. h3 Bf8 16. Bd2 Kh8 17. Rad1 Rc8 18. Bc1 Red8 19. Qe2 dxe4 20. dxe4 Rxd1 21. Qxd1 Rd8 22. Qc2 Rd6 23. Bb5 Nd7 24. Nd2 Na7 25. Be2 c4 26. Nf5 Rc6 27. Nf1 Bxf5 28. exf5 Bc5 29. Bf3 Rd6 30. Ng3 Nf6 31. Be3 Rd8 32. Bxc5 Qxc5 33. Rd1 Nc6 34. Bxc6 Rxd1+ 35. Qxd1 Qxc6 36. Nf1 Nd5 37. Qf3 Qc5 38. Nd2 Ne7 39. Qa8+ Kh7 40. Qe4 f6 41. Nxc4 Nd5 1/2-1/2

[Event "CAN-ch"]
[Site "Montreal CAN"]
[Date "2012.08.08"]
[Round "6"]
[White "Luo, Zhao Yang"]
[Black "Filipovich, David"]
[Result "1/2-1/2"]
[WhiteElo "1991"]
[BlackElo "2091"]
[PlyCount "36"]
[GameId "2160767909441721"]
[EventDate "2012.08.04"]
[EventType "swiss"]
[EventRounds "9"]
[EventCountry "CAN"]
[SourceTitle "CBM 149 Extra"]
[Source "ChessBase"]
[SourceDate "2012.08.24"]
[SourceVersion "1"]
[SourceVersionDate "2012.08.24"]
[SourceQuality "1"]

1. d4 g6 2. Nf3 Bg7 3. c3 Nf6 4. Bg5 O-O 5. Nbd2 d5 6. e3 Nbd7 7. Be2 Re8 8. O-O c5 9. Qb3 b6 10. Rfd1 Bb7 11. a4 a6 12. c4 cxd4 13. exd4 dxc4 14. Bxc4 e6 15. Ne5 Kh8 16. Qh3 Qc7 17. Ndf3 Ne4 18. Rac1 Nxe5 1/2-1/2

[Event "CAN-ch"]
[Site "Montreal CAN"]
[Date "2012.08.08"]
[Round "6"]
[White "Milicevic, Goran"]
[Black "Gerzhoy, Leonid"]
[Result "1/2-1/2"]
[WhiteElo "2287"]
[BlackElo "2448"]
[PlyCount "82"]
[GameId "2160767909441722"]
[EventDate "2012.08.04"]
[EventType "swiss"]
[EventRounds "9"]
[EventCountry "CAN"]
[SourceTitle "CBM 149 Extra"]
[Source "ChessBase"]
[SourceDate "2012.08.24"]
[SourceVersion "1"]
[SourceVersionDate "2012.08.24"]
[SourceQuality "1"]

1. e4 e6 2. d4 d5 3. e5 c5 4. c3 Nc6 5. Nf3 Qb6 6. Bd3 cxd4 7. cxd4 Bd7 8. O-O Nxd4 9. Nxd4 Qxd4 10. Nc3 a6 11. Qe2 Ne7 12. Kh1 Ng6 13. f4 Bc5 14. Bd2 O-O 15. a3 Bb5 16. Nxb5 axb5 17. f5 exf5 18. Rac1 b4 19. e6 fxe6 20. axb4 Bxb4 21. Qxe6+ Kh8 22. Bxb4 Qxb4 23. Bxf5 Ra6 24. Qxd5 Raf6 25. Bd3 Qxb2 26. Rb1 Rxf1+ 27. Rxf1 Rxf1+ 28. Bxf1 Qf2 29. Qd1 h6 30. Bc4 Qf6 31. h3 Ne5 32. Bd5 Qd6 33. Qb3 b6 34. Be4 Qd4 35. Bb1 Qc5 36. Ba2 Qc1+ 37. Kh2 Qf4+ 38. Kh1 Qf1+ 39. Kh2 Qf4+ 40. Kh1 Qf1+ 41. Kh2 Qf4+ 1/2-1/2

[Event "CAN-ch"]
[Site "Montreal CAN"]
[Date "2012.08.08"]
[Round "6"]
[White "Noritsyn, Nikolay"]
[Black "Song, Michael"]
[Result "1-0"]
[WhiteElo "2472"]
[BlackElo "2154"]
[PlyCount "57"]
[GameId "2160767909441723"]
[EventDate "2012.08.04"]
[EventType "swiss"]
[EventRounds "9"]
[EventCountry "CAN"]
[SourceTitle "CBM 149 Extra"]
[Source "ChessBase"]
[SourceDate "2012.08.24"]
[SourceVersion "1"]
[SourceVersionDate "2012.08.24"]
[SourceQuality "1"]

1. g3 g6 2. Bg2 Bg7 3. d4 Nf6 4. e4 d6 5. Ne2 O-O 6. O-O e5 7. Nbc3 Nbd7 8. h3 Re8 9. Be3 exd4 10. Bxd4 c6 11. a4 a5 12. g4 Bf8 13. f4 Nc5 14. Ng3 d5 15. exd5 Nxd5 16. Nxd5 cxd5 17. Bc3 Qb6 18. Kh1 Ne4 19. Nxe4 dxe4 20. f5 Qc5 21. Qe1 Bd6 22. fxg6 hxg6 23. Rd1 Be5 24. Qxe4 Bf5 25. gxf5 Bxc3 26. Qxb7 Be5 27. fxg6 Rf8 28. Rxf7 Qe3 29. Rxf8+ 1-0

[Event "CAN-ch"]
[Site "Montreal CAN"]
[Date "2012.08.08"]
[Round "6"]
[White "Pechenkin, Vladimir"]
[Black "Kraiouchkine, Nikita"]
[Result "1-0"]
[WhiteElo "2334"]
[BlackElo "2204"]
[PlyCount "85"]
[GameId "2160767909441724"]
[EventDate "2012.08.04"]
[EventType "swiss"]
[EventRounds "9"]
[EventCountry "CAN"]
[SourceTitle "CBM 149 Extra"]
[Source "ChessBase"]
[SourceDate "2012.08.24"]
[SourceVersion "1"]
[SourceVersionDate "2012.08.24"]
[SourceQuality "1"]

1. c4 c6 2. g3 d5 3. Nf3 Nf6 4. Bg2 e6 5. O-O dxc4 6. a4 Qd5 7. Na3 e5 8. b3 cxb3 9. Bb2 e4 10. Nd4 Be7 11. d3 O-O 12. Nc4 Be6 13. Qxb3 Nbd7 14. Qxb7 Rfc8 15. Ne3 Qd6 16. Nef5 Qb4 17. Nxe7+ Qxe7 18. Ba3 Qe8 19. dxe4 Rab8 20. Qa6 Rb6 21. Qa5 c5 22. Nxe6 Qxe6 23. Qxa7 Ra6 24. Qb7 Rb8 25. Qc7 Ne8 26. Qf4 Rxa4 27. Bxc5 Rba8 28. Rxa4 Rxa4 29. Be3 Ne5 30. Qf5 Qxf5 31. exf5 Nd6 32. Rd1 Ra6 33. Bf4 f6 34. Bd5+ Kf8 35. Be6 Ke7 36. Rc1 Ra7 37. Be3 Rb7 38. f4 Ng4 39. Bc5 Rc7 40. h3 Nh6 41. Bxd6+ Kxd6 42. Rxc7 Kxc7 43. g4 1-0

[Event "CAN-ch"]
[Site "Montreal CAN"]
[Date "2012.08.08"]
[Round "6"]
[White "Preotu, Razvan"]
[Black "Chabot, Roland"]
[Result "0-1"]
[WhiteElo "2080"]
[BlackElo "2231"]
[PlyCount "74"]
[GameId "2160767909441725"]
[EventDate "2012.08.04"]
[EventType "swiss"]
[EventRounds "9"]
[EventCountry "CAN"]
[SourceTitle "CBM 149 Extra"]
[Source "ChessBase"]
[SourceDate "2012.08.24"]
[SourceVersion "1"]
[SourceVersionDate "2012.08.24"]
[SourceQuality "1"]

1. e4 e6 2. d4 d5 3. Nd2 dxe4 4. Nxe4 Bd7 5. Nf3 Bc6 6. Bd3 Nd7 7. O-O Ngf6 8. Ng3 Be7 9. c4 Bxf3 10. Qxf3 c6 11. b3 O-O 12. Bb2 Qa5 13. a3 b5 14. Bc3 Qb6 15. c5 Qc7 16. Bd2 Nd5 17. Rae1 N7f6 18. Bb1 Rad8 19. Bg5 Rfe8 20. h4 a5 21. h5 b4 22. a4 h6 23. Bd2 Bf8 24. Re2 Rd7 25. Rfe1 Red8 26. Re5 Be7 27. Qd3 Kf8 28. Qc2 Nc3 29. Bxc3 bxc3 30. Ne2 Ng4 31. Qh7 Bf6 32. f4 Rxd4 33. Nxd4 Rxd4 34. R5e4 Qd7 35. R4e2 Rd1 36. g3 Rxe1+ 37. Rxe1 Qd2 0-1

[Event "CAN-ch"]
[Site "Montreal CAN"]
[Date "2012.08.08"]
[Round "6"]
[White "Upper, John"]
[Black "Khassanov, Marat"]
[Result "0-1"]
[WhiteElo "2036"]
[BlackElo "2273"]
[PlyCount "50"]
[GameId "2160767909441726"]
[EventDate "2012.08.04"]
[EventType "swiss"]
[EventRounds "9"]
[EventCountry "CAN"]
[SourceTitle "CBM 149 Extra"]
[Source "ChessBase"]
[SourceDate "2012.08.24"]
[SourceVersion "1"]
[SourceVersionDate "2012.08.24"]
[SourceQuality "1"]

1. d4 Nf6 2. c4 e6 3. Nc3 c5 4. d5 exd5 5. cxd5 Bd6 6. Nf3 Bc7 7. d6 Ba5 8. Bg5 h6 9. Bh4 Nc6 10. e3 Qb6 11. Rb1 Ne4 12. Bc4 Nxd6 13. Qxd6 Bxc3+ 14. bxc3 Qxb1+ 15. Kd2 Qg6 16. Qxc5 d6 17. Qb5 O-O 18. Ke2 a6 19. Qb6 Ne5 20. Nxe5 Qc2+ 21. Kf3 dxe5 22. Be7 Qf5+ 23. Ke2 Qg4+ 24. Ke1 Qxc4 25. Bxf8 Qxc3+ 0-1

[Event "CAN-ch"]
[Site "Montreal CAN"]
[Date "2012.08.08"]
[Round "6"]
[White "Wang, Richard"]
[Black "Panjwani, Raja"]
[Result "1/2-1/2"]
[WhiteElo "2338"]
[BlackElo "2394"]
[PlyCount "65"]
[GameId "2160767909441727"]
[EventDate "2012.08.04"]
[EventType "swiss"]
[EventRounds "9"]
[EventCountry "CAN"]
[SourceTitle "CBM 149 Extra"]
[Source "ChessBase"]
[SourceDate "2012.08.24"]
[SourceVersion "1"]
[SourceVersionDate "2012.08.24"]
[SourceQuality "1"]

1. d4 Nf6 2. c4 e6 3. Nf3 Bb4+ 4. Nbd2 O-O 5. g3 c5 6. a3 Bxd2+ 7. Qxd2 cxd4 8. Nxd4 Qc7 9. Qc2 e5 10. Nf3 b5 11. Bg5 bxc4 12. Nd2 d5 13. Bxf6 gxf6 14. e4 Be6 15. Rc1 Nc6 16. Bg2 Nd4 17. Qd1 Qd7 18. O-O Rac8 19. Re1 Bg4 20. f3 Be6 21. Re3 Qd6 22. exd5 Bxd5 23. f4 Bxg2 24. Kxg2 Kh8 25. Nf3 Rfe8 26. fxe5 fxe5 27. Qf1 Qd5 28. Rd1 Rcd8 29. Rxe5 Qxf3+ 30. Qxf3 Nxf3 31. Rxe8+ Rxe8 32. Kxf3 Rb8 33. Rd2 1/2-1/2

[Event "CAN-ch"]
[Site "Montreal CAN"]
[Date "2012.08.09"]
[Round "6"]
[White "Chiku-Ratte, Olivier-Kenta"]
[Black "Itkin, David"]
[Result "0-1"]
[WhiteElo "2107"]
[BlackElo "2058"]
[PlyCount "122"]
[GameId "2160767909441728"]
[EventDate "2012.08.04"]
[EventType "swiss"]
[EventRounds "9"]
[EventCountry "CAN"]
[SourceTitle "EXT 2022"]
[Source "ChessBase"]
[SourceDate "2021.10.06"]
[SourceVersion "1"]
[SourceVersionDate "2021.10.06"]
[SourceQuality "1"]

1. d4 g6 2. c4 Bg7 3. e4 d6 4. Nc3 e5 5. Nf3 exd4 6. Nxd4 Nf6 7. Be2 O-O 8. Be3 Re8 9. f3 c6 10. O-O d5 11. cxd5 Nxd5 12. Bf2 Nf4 13. Be3 Qg5 14. Bxf4 Qxf4 15. Nb3 Be6 16. Qd2 Qxd2 17. Nxd2 Nd7 18. Nc4 Bd4+ 19. Kh1 Ne5 20. Na3 Rad8 21. f4 Bxc3 22. bxc3 Rd2 23. Rfe1 Bg4 24. Bxg4 Nxg4 25. Nc4 Rd3 26. e5 Rxc3 27. Nd6 Rd8 28. Kg1 Ne3 29. Re2 Nd5 30. Rf2 b6 31. f5 Re3 32. fxg6 fxg6 33. Nf7 Rd7 34. Raf1 Re4 35. Nd6 Rxe5 36. Rf8+ Kg7 37. R1f7+ Rxf7 38. Rxf7+ Kg8 39. Rxa7 Re2 40. Nc4 b5 41. Nd6 Ne3 42. g3 Rg2+ 43. Kh1 Rd2 44. Ra8+ Kg7 45. Ne8+ Kf7 46. h3 Rd7 47. Rc8 Rd1+ 48. Kh2 Rd2+ 49. Kh1 Rxa2 50. Nd6+ Ke6 51. Rxc6 Kd5 52. Rb6 Nc4 53. Rxb5+ Kxd6 54. Rb7 Ne5 55. Kg1 h6 56. Rb6+ Kd5 57. g4 Ke4 58. Rf6 Ke3 59. Re6 Kf4 60. Kf1 Nf3 61. h4 Kg3 0-1

[Event "CAN-ch"]
[Site "Montreal CAN"]
[Date "2012.08.09"]
[Round "6"]
[White "Oussedik, Elias"]
[Black "Ber, Yves"]
[Result "1-0"]
[WhiteElo "2005"]
[BlackElo "2114"]
[PlyCount "109"]
[GameId "2160767909441729"]
[EventDate "2012.08.04"]
[EventType "swiss"]
[EventRounds "9"]
[EventCountry "CAN"]
[SourceTitle "EXT 2022"]
[Source "ChessBase"]
[SourceDate "2021.10.06"]
[SourceVersion "1"]
[SourceVersionDate "2021.10.06"]
[SourceQuality "1"]

1. Nf3 Nf6 2. c4 e6 3. g3 b6 4. Bg2 Bb7 5. O-O c5 6. Nc3 Be7 7. d4 cxd4 8. Qxd4 O-O 9. Rd1 Nc6 10. Qf4 Nh5 11. Qd2 Nf6 12. b3 a6 13. Bb2 Qc7 14. Rac1 Qb8 15. h3 Rd8 16. e4 d6 17. Qe2 Nd7 18. Nd2 Nd4 19. Qe3 Bf6 20. g4 g6 21. Nf1 Nc6 22. g5 Bg7 23. Nh2 Re8 24. Ba3 Nc5 25. b4 Nd7 26. b5 Na5 27. Bxd6 Qc8 28. Ne2 Nxc4 29. Qb3 axb5 30. Qxb5 Ba6 31. Qb4 e5 32. h4 Nf8 33. Nf1 Qe6 34. Nc3 Qg4 35. Be7 Ne6 36. Nd5 Nf4 37. Nxf4 exf4 38. Nh2 Qe6 39. Bd6 Nxd6 40. Rxd6 Qxa2 41. Rxb6 Rad8 42. Ng4 Rd4 43. Nh6+ Kh8 44. Qe7 Rf8 45. h5 Rd2 46. hxg6 hxg6 47. Ng4 Be2 48. Ne5 Bh5 49. Qc5 Kh7 50. Rb7 f3 51. Bxf3 Bxe5 52. Qxf8 Bh2+ 53. Kxh2 Rxf2+ 54. Kg1 Rxf3 55. Qh6+ 1-0

[Event "CAN-ch"]
[Site "Montreal CAN"]
[Date "2012.08.09"]
[Round "7"]
[White "Anastasovski, Nikola"]
[Black "Chiku-Ratte, Olivier-Kenta"]
[Result "0-1"]
[WhiteElo "2070"]
[BlackElo "2107"]
[PlyCount "124"]
[GameId "2160767909441730"]
[EventDate "2012.08.04"]
[EventType "swiss"]
[EventRounds "9"]
[EventCountry "CAN"]
[SourceTitle "EXT 2022"]
[Source "ChessBase"]
[SourceDate "2021.10.06"]
[SourceVersion "1"]
[SourceVersionDate "2021.10.06"]
[SourceQuality "1"]

1. e4 c5 2. c4 Nc6 3. Nc3 g6 4. g3 Bg7 5. Bg2 d6 6. d3 e6 7. Be3 Nge7 8. Qd2 Nd4 9. Rc1 Rb8 10. Bh6 O-O 11. h4 Nec6 12. Bxg7 Kxg7 13. h5 Qe7 14. hxg6 fxg6 15. Qh6+ Kg8 16. Nh3 Qg7 17. Ng5 Ne5 18. Qxg7+ Kxg7 19. Rd1 h6 20. Nh3 Nef3+ 21. Bxf3 Nxf3+ 22. Kf1 e5 23. Ne2 Bg4 24. Nhg1 Nd4 25. Rd2 b5 26. b3 bxc4 27. dxc4 a5 28. Nc3 Bd7 29. Kg2 a4 30. bxa4 Rb4 31. Nb5 Bxb5 32. axb5 Rxc4 33. Rb2 Rb8 34. b6 Rb4 35. Rxb4 cxb4 36. Nf3 Ne2 37. Rb1 Rxb6 38. Ne1 Nc3 39. Rb2 Nxe4 40. Nd3 Nc3 41. a3 b3 42. Nc1 Kf6 43. Rxb3 Rxb3 44. Nxb3 Ke6 45. Kf3 d5 46. Nd2 d4 47. Ne4 Na4 48. Ke2 Kd5 49. f3 Kc4 50. Kd2 Nc3 51. Nd6+ Kd5 52. Nf7 h5 53. Kd3 e4+ 54. fxe4+ Nxe4 55. Nh8 g5 56. Ng6 Nxg3 57. Ne7+ Kc5 58. a4 h4 59. a5 h3 60. a6 h2 61. Nd5 h1=Q 62. a7 Qd1# 0-1

[Event "CAN-ch"]
[Site "Montreal CAN"]
[Date "2012.08.09"]
[Round "7"]
[White "Chabot, Roland"]
[Black "Jiang, Louie"]
[Result "0-1"]
[WhiteElo "2231"]
[BlackElo "2327"]
[PlyCount "78"]
[GameId "2160767909441731"]
[EventDate "2012.08.04"]
[EventType "swiss"]
[EventRounds "9"]
[EventCountry "CAN"]
[SourceTitle "hb 2012"]

1. d4 Nf6 2. c4 e6 3. Nc3 Bb4 4. e3 b6 5. Nge2 Ba6 6. a3 Be7 7. Nf4 c5 8. d5 e5 9. Nh5 Nxh5 10. Qxh5 d6 11. e4 g6 12. Qf3 h5 13. Bd3 Nd7 14. Be3 Kf8 15. h3 Kg7 16. O-O-O Bc8 17. g3 h4 18. Ne2 Bg5 19. gxh4 Bxe3+ 20. Qxe3 Qxh4 21. Kb1 Qh6 22. Qf3 Nf6 23. Rdg1 Qh4 24. Ng3 Kf8 25. Ne2 Bd7 26. Qe3 Nh5 27. Ng3 Nf4 28. Bf1 Ke7 29. Ne2 Rh6 30. Nc3 Rah8 31. Ka1 Qf6 32. Rh2 g5 33. b4 Bxh3 34. bxc5 bxc5 35. f3 Bd7 36. Rb2 Rh1 37. Rb7 Qh6 38. Na4 Qh2 39. Rxh1 Qxh1 0-1

[Event "CAN-ch"]
[Site "Montreal CAN"]
[Date "2012.08.09"]
[Round "7"]
[White "Filipovich, David"]
[Black "Oussedik, Elias"]
[Result "1/2-1/2"]
[WhiteElo "2091"]
[BlackElo "2005"]
[PlyCount "55"]
[GameId "2160767909441732"]
[EventDate "2012.08.04"]
[EventType "swiss"]
[EventRounds "9"]
[EventCountry "CAN"]
[SourceTitle "EXT 2022"]
[Source "ChessBase"]
[SourceDate "2021.10.06"]
[SourceVersion "1"]
[SourceVersionDate "2021.10.06"]
[SourceQuality "1"]

1. Nf3 Nf6 2. g3 b6 3. Bg2 Bb7 4. c4 c5 5. O-O e6 6. Nc3 a6 7. Re1 d6 8. e4 Nbd7 9. d4 cxd4 10. Nxd4 Qc7 11. Nd5 exd5 12. exd5+ Kd8 13. Nc6+ Bxc6 14. dxc6 Nc5 15. b4 Ne6 16. c5 bxc5 17. bxc5 Nxc5 18. Be3 Ne6 19. Rb1 Rb8 20. Qa4 d5 21. Qxa6 Nc5 22. Rxb8+ Qxb8 23. Qa5+ Qc7 24. Qa8+ Qc8 25. Qa5+ Qc7 26. Qa8+ Qc8 27. Qa5+ Qc7 28. Qa8+ 1/2-1/2

[Event "CAN-ch"]
[Site "Montreal CAN"]
[Date "2012.08.09"]
[Round "7"]
[White "Gerzhoy, Leonid"]
[Black "Khassanov, Marat"]
[Result "1-0"]
[WhiteElo "2448"]
[BlackElo "2273"]
[PlyCount "67"]
[GameId "2160767909441733"]
[EventDate "2012.08.04"]
[EventType "swiss"]
[EventRounds "9"]
[EventCountry "CAN"]
[SourceTitle "CBM 149 Extra"]
[Source "ChessBase"]
[SourceDate "2012.08.24"]
[SourceVersion "1"]
[SourceVersionDate "2012.08.24"]
[SourceQuality "1"]

1. d4 d5 2. c4 e6 3. Nf3 c5 4. e3 Nc6 5. Nc3 Nf6 6. a3 a6 7. dxc5 Bxc5 8. b4 Ba7 9. Bb2 O-O 10. Qc2 Qe7 11. Rd1 Rd8 12. Be2 dxc4 13. Rxd8+ Qxd8 14. Bxc4 Bd7 15. Ne4 Nxe4 16. Qxe4 Qe7 17. O-O Rc8 18. Rd1 Be8 19. h4 h6 20. Qg4 Qf8 21. h5 Bb8 22. Bb3 Rd8 23. Rxd8 Nxd8 24. Nh4 Nc6 25. Qe4 Qd6 26. Nf3 Bd7 27. g4 f6 28. Bc2 f5 29. gxf5 exf5 30. Bb3+ Kh7 31. Qc4 Qf8 32. Nh4 Qe8 33. Ng6 Bd6 34. Qd5 1-0

[Event "CAN-ch"]
[Site "Montreal CAN"]
[Date "2012.08.09"]
[Round "7"]
[White "Itkin, David"]
[Black "Gusev, Nikita"]
[Result "0-1"]
[WhiteElo "2058"]
[BlackElo "2117"]
[PlyCount "76"]
[GameId "2160767909441734"]
[EventDate "2012.08.04"]
[EventType "swiss"]
[EventRounds "9"]
[EventCountry "CAN"]
[SourceTitle "hb 2012"]

1. e4 c5 2. Nf3 Nc6 3. Nc3 e6 4. d4 cxd4 5. Nxd4 d6 6. Be3 Nf6 7. Be2 Be7 8. O-O O-O 9. f4 a6 10. Bf3 Bd7 11. a4 Nxd4 12. Qxd4 Bc6 13. Rad1 Qc7 14. Qd2 Rfc8 15. Qf2 b5 16. axb5 axb5 17. e5 dxe5 18. Bxc6 Ng4 19. Qf3 Nxe3 20. Bxa8 Nxd1 21. Rxd1 Qa7+ 22. Kh1 Qxa8 23. Qxa8 Rxa8 24. fxe5 b4 25. Ne4 Ra5 26. Kg1 Rxe5 27. Rd7 Kf8 28. Rb7 f6 29. Ng3 Re1+ 30. Kf2 Rc1 31. Rc7 b3 32. c4 Rc2+ 33. Kf3 Rxb2 34. Ne2 Rc2 35. Rb7 b2 36. Nf4 Ba3 37. Nxe6+ Ke8 38. Nc7+ Kd8 0-1

[Event "CAN-ch"]
[Site "Montreal CAN"]
[Date "2012.08.09"]
[Round "7"]
[White "Kraiouchkine, Nikita"]
[Black "Milicevic, Goran"]
[Result "0-1"]
[WhiteElo "2204"]
[BlackElo "2287"]
[PlyCount "118"]
[GameId "2160767909441735"]
[EventDate "2012.08.04"]
[EventType "swiss"]
[EventRounds "9"]
[EventCountry "CAN"]
[SourceTitle "CBM 149 Extra"]
[Source "ChessBase"]
[SourceDate "2012.08.24"]
[SourceVersion "1"]
[SourceVersionDate "2012.08.24"]
[SourceQuality "1"]

1. e4 c5 2. Nf3 Nc6 3. d4 cxd4 4. Nxd4 g6 5. Nc3 Bg7 6. Be3 Nf6 7. Bc4 Qa5 8. O-O d6 9. Nb3 Qc7 10. Bg5 Be6 11. Bxe6 fxe6 12. Qd2 O-O 13. Bh6 Bxh6 14. Qxh6 Qb6 15. Qh3 e5 16. Qd3 Rf7 17. Rad1 Raf8 18. h3 Nb4 19. Qd2 a6 20. a3 Nc6 21. Kh2 Nh5 22. Nd5 Qa7 23. f3 Nd8 24. Qf2 Qb8 25. Qb6 Ne6 26. c4 Qc8 27. Rc1 Ng5 28. c5 Qe6 29. Nc7 Qd7 30. c6 bxc6 31. Qxc6 Qc8 32. Qxa6 Qb8 33. Qc4 Kh8 34. Rc3 Qc8 35. Nd2 Nf4 36. Nd5 Qd7 37. Nb6 Qa7 38. Qb5 Nfe6 39. a4 Nd4 40. Qb4 Ne2 41. Rc4 Ne6 42. a5 g5 43. Re1 N2f4 44. Qc3 h5 45. b4 g4 46. Rc8 Rg7 47. Rxf8+ Nxf8 48. fxg4 hxg4 49. Qc8 Rg8 50. Ra1 e6 51. Qd8 Qg7 52. Qh4+ Nh7 53. Ra3 Nxg2 54. Qg3 Qh6 55. Qxg2 gxh3 56. Qxg8+ Kxg8 57. Nf3 Qc1 58. Ra2 Qf4+ 59. Kg1 Qg3+ 0-1